E commerce/ (Record no. 11401)

MARC details
000 -LEADER
fixed length control field 00530nam a22001937a 4500
005 - DATE AND TIME OF LATEST TRANSACTION
control field 20220926103220.0
008 - FIXED-LENGTH DATA ELEMENTS--GENERAL INFORMATION
fixed length control field 220926b ||||| |||| 00| 0 eng d
020 ## - INTERNATIONAL STANDARD BOOK NUMBER
International Standard Book Number 9789353597894
040 ## - CATALOGING SOURCE
Original cataloging agency IN-DiNC
Transcribing agency IN-DiNC
041 ## - LANGUAGE CODE
Language code of sung or spoken text English
082 ## - DEWEY DECIMAL CLASSIFICATION NUMBER
Classification number 381.142
Item number BHA
100 ## - MAIN ENTRY--PERSONAL NAME
Personal name Bhardwaj, Sushil
Relator term Author
245 ## - TITLE STATEMENT
Title E commerce/
Statement of responsibility, etc. by Sushil Bhardwaj and Puneet Kumar
260 ## - PUBLICATION, DISTRIBUTION, ETC.
Place of publication, distribution, etc. Ludhiana:
Name of publisher, distributor, etc. Kalyani publishers,
Date of publication, distribution, etc. 2022.
300 ## - PHYSICAL DESCRIPTION
Extent 7.81p.
650 ## - SUBJECT ADDED ENTRY--TOPICAL TERM
Topical term or geographic name entry element Electronic commerce
700 ## - ADDED ENTRY--PERSONAL NAME
Personal name Kumar, Puneet
Relator term Author
942 ## - ADDED ENTRY ELEMENTS (KOHA)
Source of classification or shelving scheme Dewey Decimal Classification
Koha item type Books
Holdings
Withdrawn status Lost status Source of classification or shelving scheme Damaged status Not for loan Collection code Home library Current library Shelving location Date acquired Cost, normal purchase price Total Checkouts Full call number Barcode Date last seen Date last checked out Copy number Price effective from Koha item type
    Dewey Decimal Classification     Commerce Central Library, Naharkatiya College Central Library, Naharkatiya College General Stacks 26/09/2022 235.00 9 381.142 BHA 29127 21/12/2023 30/10/2023 1 26/09/2022 Books
    Dewey Decimal Classification     Commerce Central Library, Naharkatiya College Central Library, Naharkatiya College General Stacks 26/09/2022 235.00 7 381.142 BHA 29128 06/11/2023 21/09/2023 2 26/09/2022 Books

Naharkatiya College © 2020. All rights reserved.

Powered By